|
|
|
|
| LEADER |
00000cam a2200000 a 4500 |
| 001 |
vtls008329392 |
| 003 |
SK-MaSNL |
| 005 |
20260301221204.0 |
| 008 |
240315s1971 xo da e n 000 0 slo |
| 015 |
|
|
|a SNBA1971/09-02158
|
| 035 |
|
|
|a SK01SNK19710021609
|
| 035 |
|
|
|a SKM000024072
|
| 040 |
|
|
|a SNK
|b slo
|c SNK
|e AACR2
|
| 041 |
0 |
|
|a slo
|
| 044 |
|
|
|a xo
|c SK
|
| 080 |
|
|
|a 546(075.8)
|2 1981
|
| 100 |
1 |
|
|a Dzurillová, Magda
|4 aut
|9 609275
|
| 245 |
1 |
0 |
|a Školské pokusy z anorganoickej chémie
|b ... pre poslucháčov 4. a 5. roč. Prírodoved. fak. UPJŠ
|c Magda Dzurillová
|
| 250 |
|
|
|a 1. vyd.
|
| 260 |
|
|
|a Košice
|b Univerzita P.J. Šafárika
|c 1971
|
| 300 |
|
|
|a 123 s.
|b grafy, tab.
|c 4°
|
| 366 |
|
|
|e 100 výt.
|
| 490 |
1 |
|
|a Vysokoškolské učebné texty
|
| 504 |
|
|
|a Bibliogr. odkazy
|
| 650 |
0 |
7 |
|a anorganická chémia
|2 SNKPH
|9 850
|
| 650 |
0 |
7 |
|a laboratórne pokusy
|2 SNKPH
|9 100878
|
| 655 |
|
7 |
|a učebnice vysokých škôl
|2 SNKPH
|9 70191
|
| 830 |
|
0 |
|a Vysokoškolské učebné texty
|9 276539
|
| 958 |
|
|
|a OND
|
| 958 |
|
|
|a RM
|
| 958 |
|
|
|a RK
|
| 958 |
|
|
|a NB
|
| 958 |
|
|
|a UV
|
| 999 |
|
|
|c 934849
|d 936779
|
| 952 |
|
|
|a SNK
|b SNK
|y PREZ
|7 0
|p 17A0890882
|o snkSB 17383
|i snkKSP 6592/71
|0 0
|1 0
|4 0
|d 2015-02-11
|l 0
|r 2025-03-18 00:00:00
|w 2026-02-24
|